00688nam a2200205 a 4500001001000000003000500010005001700015008004100032010001100073011001100084040000900095100002300104245012900127260003700256300003600293502008000329650002700409650002800436650001800464000111731CHAP20220329144226.0150722s2014 mx a |rm |0|||||spa d a108192 a109164 cCHAP1 aVega Díaz, Elwer10aCaracterización de los sistemas de produccion acuícola en la zona norte del Estado de Guerrero /cpor Elwer Vega Díaz. aCocula, Gro. :bEl autor,c2014. a75 h. :bil., cuadrs., gráfs. aTesis (Ing. Agr. Fitotecnista) -- CSAEGRO. Centro de Estudios Profesionales14aAcuiculturaxGuerrero.14aEstanques piscícolas.14aPiscicultura.